000 00812cam a22002653a 4500
001 19398
003 PGUSA
005 20140828083418.0
008 060928s2006||||xxu|||||s|||||000 1 eng d
040 _aPGUSA
_beng
042 _adc
050 4 _aPR
050 4 _aPZ
100 1 _aHenty, G. A.
_q(George Alfred),
_d1832-1902
245 1 0 _aBy Right of Conquest; Or, With Cortez in Mexico
_h[electronic resource] /
_cG. A. Henty
260 _bProject Gutenberg,
_c2006
506 _aPublic domain in the USA.
516 _aElectronic text
653 _aMexico -- History -- Conquest, 1519-1540 -- Fiction
653 _aHistorical fiction
653 _aCortés, Hernán, 1485-1547 [Cortes, Cortez]
830 0 _aProject Gutenberg
_v19398
856 4 0 _uhttp://www.gutenberg.org/ebooks/19398
942 _cEB
999 _c248653
_d248653